000 00675nam a2200217 a 4500
001 18263
003 CO-ViMGA
008 141112s2004 ck r 000 u spa d
020 _a8439705603
040 _aCO-ViMGA
_bspa
_cCO-ViMGA
082 0 4 _a618.6 R637b
100 1 _aRodriguez, Mora
_926015
245 1 0 _aMi bebe es prematuro :
_bguia practica de cuidados fisicos y emocionales
260 _aBarcelona,
_cGrijalbo Mondadori S.A.,
_c2000
300 _a193 p.
490 _aFamilia y educación
590 _aForma de adquisición : premio Min - Cultura
650 1 4 _aNIÑOS PREMATUROS
_926016
650 1 4 _aRECIEN NACIDOS - CUIDADO E HIGIENE
_926017
942 _2ddc
_cBK
999 _c27616
_d27616